000 00764 a2200193 4500
020 _a0387345000
020 _a9780387345000
082 _a523.87
090 _c1248
_d1248
100 1 _aKogure, Tomokazu.
245 1 4 _aThe astrophysics of emission-line stars /
_cTomokazu Kogure, Kam-Ching Leung.
260 _a[S.l.] :
_bSpringer,
_c2007.
300 _a530 p. ;
_c24 cm.
490 1 _aAstrophysics and space science library) (astrophysics and space science library.
700 1 _aLeung, Kam-Ching.
830 0 _aAstrophysics and space science library) (astrophysics and space science library.
942 _aSNS
_cBK
_k523.87 KOG
999 _c29861
_d29861